000
00213 a2200097 4500
001
45048
100
_a
245
_a
Every day things their story
260
_a
London
_b
Odhams press ltd
_c
090
_c
28325
_d
28325
942
_a
NUST-CAE
_c
M
_c
20364
999
_c
280121
_d
280121